<?xml version="1.0" encoding="UTF-8"?>
<collection xmlns="http://www.loc.gov/MARC21/slim">
    <record>
        <controlfield tag="001">62966</controlfield>
        <controlfield tag="005">20171107135357.0</controlfield>
        <datafield tag="024" ind1="7" ind2=" ">
            <subfield code="2">doi</subfield>
            <subfield code="a">10.26754/CINAIC.2017.000001_138</subfield>
        </datafield>
        <datafield tag="037" ind1=" " ind2=" ">
            <subfield code="a">COMPON-2017-0116</subfield>
        </datafield>
        <datafield tag="041" ind1=" " ind2=" ">
            <subfield code="a">spa</subfield>
        </datafield>
        <datafield tag="100" ind1=" " ind2=" ">
            <subfield code="0">0000-0002-4703-051X</subfield>
            <subfield code="a">Ubieto-Artur, Mª. Clara</subfield>
            <subfield code="u">Universidad de Zaragoza, España</subfield>
        </datafield>
        <datafield tag="245" ind1=" " ind2=" ">
            <subfield code="a">Buenas prácticas en propiedad intelectual y MOOC: una experiencia
[Good practices in intellectual property and MOOC: an experience]</subfield>
        </datafield>
        <datafield tag="260" ind1=" " ind2=" ">
            <subfield code="c">2017</subfield>
        </datafield>
        <datafield tag="506" ind1=" " ind2=" ">
            <subfield code="a">Access copy available to the general public</subfield>
            <subfield code="f">Unrestricted</subfield>
        </datafield>
        <datafield tag="520" ind1="3" ind2=" ">
            <subfield code="a">Existe una creciente necesidad entre las instituciones educativas de que sus miembros estén informados y formados en las normas éticas y legales que rigen el uso de obras propias y ajenas. Es necesario sensibilizar a la comunidad educativa sobre el respeto a los derechos de autor y difundir buenas prácticas para el uso de la propiedad intelectual. Con esos objetivos se ha creado un curso masivo abierto en línea (MOOC) titulado “Buenas Prácticas en el Uso Académico de la Propiedad Intelectual”, que se ha llevado a cabo entre abril y mayo de 2017. El curso presenta y resuelve situaciones concretas con las que se enfrentan diariamente el profesorado y el alumnado en la creación de materiales didácticos y la realización de actividades académicas. Se presenta el análisis de los resultados de la implementación de este MOOC en cuanto a la consecución de sus objetivos y la satisfacción.
[The members of the educational institutions need to be informed and trained in the ethical and legal norms that govern the use of their own and of other authors. It is necessary to sensitize educational communities on the respect for copyright and to disseminate among them good practices for the use of intellectual property. With these goals, an innovation group from the University of Zaragoza (Spain) has created a massive open online course (MOOC) entitled "Good Practices in the Academic Use of Intellectual Property", which took place between April and May 2017. The course presents and resolves concrete situations which teachers and students face daily in the creation of didactic materials or during the realization of academic activities. The article analysis the results of the implementation of the MOOC, the achievement of their goals and the satisfaction of the participants.]</subfield>
        </datafield>
        <datafield tag="540" ind1=" " ind2=" ">
            <subfield code="9">info:eu-repo/semantics/openAccess</subfield>
            <subfield code="a">by-nc-nd</subfield>
            <subfield code="u">http://creativecommons.org/licenses/by-nc-nd/3.0/es/</subfield>
        </datafield>
        <datafield tag="653" ind1="1" ind2=" ">
            <subfield code="a">MOOC;Propiedad intelectual;Educación  </subfield>
        </datafield>
        <datafield tag="653" ind1="1" ind2=" ">
            <subfield code="a">MOOC;Intellectual Property;Education  </subfield>
        </datafield>
        <datafield tag="655" ind1=" " ind2="4">
            <subfield code="a">Comunicación</subfield>
        </datafield>
        <datafield tag="700" ind1=" " ind2=" ">
            <subfield code="a">Hernández Ara, Lola</subfield>
            <subfield code="u">Universidad de Zaragoza, España</subfield>
        </datafield>
        <datafield tag="700" ind1=" " ind2=" ">
            <subfield code="0">
0000-0002-2493-8074</subfield>
            <subfield code="a">Ubieto-Artur, Mª. Isabel</subfield>
            <subfield code="u">Universidad de Zaragoza, España</subfield>
        </datafield>
        <datafield tag="700" ind1=" " ind2=" ">
            <subfield code="0">
0000-0003-1152-1816</subfield>
            <subfield code="a">Bueso Guillén, Pedro José</subfield>
            <subfield code="u">Universidad de Zaragoza, España</subfield>
        </datafield>
        <datafield tag="700" ind1=" " ind2=" ">
            <subfield code="0">
0000-0002-6873-0996</subfield>
            <subfield code="a">Sein-Echaluce Lacleta, María Luisa</subfield>
            <subfield code="u">Universidad de Zaragoza, España</subfield>
        </datafield>
        <datafield tag="700" ind1=" " ind2=" ">
            <subfield code="0">
0000-0003-4034-7757</subfield>
            <subfield code="a">Fidalgo Blanco,  Ángel</subfield>
            <subfield code="u">Universidad Politécnica de Madrid, España</subfield>
        </datafield>
        <datafield tag="700" ind1=" " ind2=" ">
            <subfield code="0">
0000-0002-4103-0789</subfield>
            <subfield code="a">Bueno García, Concepción</subfield>
            <subfield code="u">Universidad de Zaragoza, España</subfield>
        </datafield>
        <datafield tag="773" ind1=" " ind2=" ">
            <subfield code="d">Zaragoza</subfield>
            <subfield code="g">IV Congreso Internacional sobre Aprendizaje, Innovación y Competitividad-CINAIC (Zaragoza 4-6 Octubre 2017)</subfield>
        </datafield>
        <datafield tag="856" ind1="4" ind2=" ">
            <subfield code="s">69902</subfield>
            <subfield code="u">http://zaguan.unizar.es/record/62966/files/138.pdf</subfield>
        </datafield>
        <datafield tag="909" ind1="C" ind2="O">
            <subfield code="o">oai:zaguan.unizar.es:62966</subfield>
            <subfield code="p">comunicaciones-ponencias</subfield>
        </datafield>
        <datafield tag="980" ind1=" " ind2=" ">
            <subfield code="a">COMPON</subfield>
        </datafield>
    </record>

    
</collection>